| 000 -LEADER |
| fixed length control field |
00385nam a22001337a 4500 |
| 008 - FIXED-LENGTH DATA ELEMENTS--GENERAL INFORMATION |
| fixed length control field |
210112b ||||| |||| 00| 0 eng d |
| 082 00 - DEWEY DECIMAL CLASSIFICATION NUMBER |
| Classification number |
624.171 |
| Item number |
R3281 |
| 100 ## - MAIN ENTRY--PERSONAL NAME |
| 9 (RLIN) |
4115 |
| Personal name |
Reeds, D. W. A. |
| 245 10 - TITLE STATEMENT |
| Title |
The Mechanics of solids and structures / |
| 260 ## - PUBLICATION, DISTRIBUTION, ETC. (IMPRINT) |
| Place of publication, distribution, etc |
New Delhi: |
| Name of publisher, distributor, etc |
McGraw-Hill, |
| Date of publication, distribution, etc |
1992. |
| 300 ## - PHYSICAL DESCRIPTION |
| Extent |
xv, 845 p. |
| 650 #0 - SUBJECT ADDED ENTRY--TOPICAL TERM |
| Topical term or geographic name as entry element |
Structural Analysis |
| 942 ## - ADDED ENTRY ELEMENTS (KOHA) |
| Item type |
Books |